Choices in Literature: Justice for all. (Record no. 2284)

MARC details
000 -LEADER
fixed length control field 00373nam a22001217a 4500
005 - DATE AND TIME OF LATEST TRANSACTION
control field 20200910162544.0
008 - FIXED-LENGTH DATA ELEMENTS--GENERAL INFORMATION
fixed length control field 200910b ||||| |||| 00| 0 eng d
020 ## - INTERNATIONAL STANDARD BOOK NUMBER
International Standard Book Number 0134116534
040 ## - CATALOGING SOURCE
Transcribing agency CML
245 ## - TITLE STATEMENT
Title Choices in Literature: Justice for all.
Statement of responsibility, etc. Elizabeth,F.A.
260 ## - PUBLICATION, DISTRIBUTION, ETC.
Place of publication, distribution, etc. New Jersey
Name of publisher, distributor, etc. Prentice Hall
Date of publication, distribution, etc. 1994
942 ## - ADDED ENTRY ELEMENTS (KOHA)
Source of classification or shelving scheme Dewey Decimal Classification
Koha item type Audio Files
Edition 1st Edition
Classification part 808
Call number suffix EPS
Holdings
Withdrawn status Lost status Source of classification or shelving scheme Damaged status Not for loan Collection code Home library Current library Shelving location Date acquired Total Checkouts Full call number Barcode Date last seen Copy number Price effective from Koha item type
    Dewey Decimal Classification     Literature & Rhetoric Chalimbana Main Library Chalimbana Main Library Literature & Rhetoric 09/10/2020   808.0427 EPS 9780134116532 09/10/2020 1 09/10/2020 Audio Files

Powered by Koha